00466nam a2200121Ia 4500008004100000245015400041260004500195260000900240300000800249500001200257650001300269856006200282170516s9999 xx 000 0 und d 2aA quality by design (QbD) case study on enteric-coated pellets: Screening of critical variables and establishment of design space at laboratory scale bAsian Journal of Pharmaceutical Sciences c2014 a9:5 aOctober xPharmacy uhttp://www.sciencedirect.com/science/journal/18180876/9/5